Neobvyklá cysta spojovky

Podrobná bibliografia
Hlavní autori: Kozák, Igor, 1971- (Autor), Brown, M. S. (Autor), Horenstein, M. G. (Autor), Juhás, Tomáš, 1954- (Autor)
Médium: Článok
Jazyk:slovenčina
Fyzický popis:Obr.
ISSN:1210-0447
Predmet:

MARC

LEADER 00000nab a2200000 a 4500
001 vtls000773067
003 SK-MaSNL
005 20260304111650.0
008 250429c2001 xo 0 slo
015 |a SNBRB2001/11-32152 
035 |a CLN000124854 
035 |a urn:nbn:sk:snk-abmqp 
035 |a (urnnbn)urn:nbn:sk:snk:ar-a05a7c 
035 |a (uuid)f42393da-1acb-4b0f-88b9-765a005da54e 
040 |a SNKBUCL  |b slo  |c SNKBUCL  |e AACR2 
041 0 |a slo 
044 |a xo  |c SK 
080 |a 617.711-006-079.4  |2 1997 
245 0 0 |a Neobvyklá cysta spojovky  |c I. Kozák ... [et al.] 
300 |b Obr. 
504 |a Res. angl., slov. 
504 |a Bibliogr. odkazy 
650 0 7 |a spojovka  |x cysty  |x diagnostika diferenciálna  |2 snkbucl  |9 1412361 
650 0 7 |a cysty  |x spojovka  |x diagnostika diferenciálna  |2 snkbucl  |9 1412362 
655 7 |a články z novín a časopisov  |2 snkbucl  |9 267496 
700 1 |a Kozák, Igor,  |d 1971-  |4 aut  |9 10161 
700 1 |a Brown, M. S.  |4 aut  |9 1412363 
700 1 |a Horenstein, M. G.  |4 aut  |9 1412364 
700 1 |a Juhás, Tomáš,  |d 1954-  |4 aut  |9 207991 
773 0 |t Choroby hlavy a krku  |g Roč. 10, č. 2 (2001), s. 20-21  |x 1210-0447 
850 |a Slovenská národná knižnica 
852 |a Slovenská národná knižnica 
954 |a odborná, vedecká literatúra pôvodná (slovenská)  |2 lita 
958 |a article27 
958 |a MI 
958 |a NB 
958 |a OND 
958 |a EUIPO 
992 |a RBX 
999 |c 2862995  |d 2864925